Свято-Успенский Второ-Афонский Бештаугорский монастырь (Запись № 330792)

Подробности
000 -МАРКЕР
контрольное поле 02212nam0a2200409 4500
001 - ИДЕНТИФИКАТОР ЗАПИСИ
контрольное поле RU\NLR\bibl\1267060
005 - ИДЕНТИФИКАТОР ВЕРСИИ
контрольное поле 20260407090407.0
010 ## - МЕЖДУНАРОДНЫЙ СТАНДАРТНЫЙ НОМЕР КНИГИ (ISBN)
Номер (ISBN) 5-93078-167-2
Тираж 1000
021 ## - НОМЕР ГОСУДАРСТВЕННОЙ РЕГИСТРАЦИИ
Код страны российская федерация
Номер 2008-50304
Номер Листа государственной регистраци 2786
035 ## - ДРУГИЕ СИСТЕМНЫЕ НОМЕРА
Идентификатор записи (NLR Aleph) 001252969
100 ## - ДАННЫЕ ОБЩЕЙ ОБРАБОТКИ
Данные общей обработки 20080829d2008 |||y0rusy50 ca
101 0# - ЯЗЫК РЕСУРСА
Язык текста, звукозаписи и т.д. русский
102 ## - СТРАНА ПУБЛИКАЦИИ ИЛИ ПРОИЗВОДСТВА
Страна публикации российская федерация
105 ## - ПОЛЕ КОДИРОВАННЫХ ДАННЫХ: ТЕКСТОВЫЕ МАТЕРИАЛЫ, МОНОГРАФИЧЕСКИЕ
Кодированные данные о монографическом текстовом документе a |||||||||
200 1# - ЗАГЛАВИЕ И СВЕДЕНИЯ ОБ ОТВЕТСТВЕННОСТИ
Основное заглавие Свято-Успенский Второ-Афонский Бештаугорский монастырь
Параллельное заглавие Svyato-Uspenskiy Vtoro-Afonskiy Beshtaugorskiy monastir
Сведения, относящиеся к заглавию [исторический очерк]
Первые сведения об ответственности Илья Илиади, Александра Коваленко
Язык параллельного заглавия английский
205 ## - СВЕДЕНИЯ ОБ ИЗДАНИИ
Сведения об издании 2-е изд., стер.
210 ## - ПУБЛИКАЦИЯ, РАСПРОСТРАНЕНИЕ И ДР.
Место издания, распространения и т.д. Ставрополь
Имя издателя, распространителя и т. д. Ставропольсервисшкола
Дата издания, распространения и т.д. 2008
215 ## - ФИЗИЧЕСКАЯ ХАРАКТЕРИСТИКА
Специфическое обозначение материала и объем 360 с.
Другие сведения о физической характеристике ил.
Размеры 22
300 ## - ОБЩИЕ ПРИМЕЧАНИЯ
Текст примечания Авт. также на англ. яз.: Iliya Iliady, Aleksandra Kovalenko
300 ## - ОБЩИЕ ПРИМЕЧАНИЯ
Текст примечания На авантит.: 200-летию Кавк. Минер. Вод посвящается
320 ## - ПРИМЕЧАНИЯ О НАЛИЧИИ В ДОКУМЕНТЕ БИБЛИОГРАФИИ / УКАЗАТЕЛЯ
Текст примечания Указ. терминов: с. 339-344
320 ## - ПРИМЕЧАНИЯ О НАЛИЧИИ В ДОКУМЕНТЕ БИБЛИОГРАФИИ / УКАЗАТЕЛЯ
Текст примечания Указ. имен: с. 345-350
510 0# - ПАРАЛЛЕЛЬНОЕ ЗАГЛАВИЕ
Связь между полями z33790
Параллельное заглавие Svyato-Uspenskiy Vtoro-Afonskiy Beshtaugorskiy monastir
Язык заглавия английский
601 02 - НАИМЕНОВАНИЕ ОРГАНИЗАЦИИ КАК ПРЕДМЕТ
Начальный элемент ввода Свято-Успенский Второ-Афонский Бештаугорский монастырь
Системный номер авторитетной/нормативной записи 2299132
Идентификатор авторитетной/нормативной записи RU\NLR\auth\661376581
686 ## - ИНДЕКСЫ ДРУГИХ КЛАССИФИКАЦИЙ
Индекс Э372.24-647.2
700 #1 - ИМЯ ЛИЦА - ПЕРВИЧНАЯ ОТВЕТСТВЕННОСТЬ
Код отношения Автор
Материалы, к которым относится поле rus
Графика поля Кириллица
Начальный элемент ввода Илиади
Часть имени, кроме начального элемента ввода И. Х.
Даты 1946-
Расширение инициалов личного имени Илья Харлампович
Идентификатор авторитетной/нормативной записи RU\NLR\auth\7772501
Системный номер авторитетной/нормативной записи 55429
701 #1 - ИМЯ ЛИЦА - АЛЬТЕРНАТИВНАЯ ОТВЕТСТВЕННОСТЬ
Код отношения Автор
Материалы, к которым относится поле rus
Графика поля Кириллица
Начальный элемент ввода Коваленко
Часть имени, кроме начального элемента ввода А. Н.
Расширение инициалов личного имени Александра Николаевна
Идентификатор авторитетной/нормативной записи RU\NLR\auth\7772511
Системный номер авторитетной/нормативной записи 55439
712 02 - НАИМЕНОВАНИЕ ОРГАНИЗАЦИИ - ВТОРИЧНАЯ ОТВЕТСТВЕННОСТЬ
Код отношения Прочие
Начальный элемент ввода Свято-Успенский Второ-Афонский Бештаугорский монастырь
Идентификатор авторитетной/нормативной записи RU\NLR\AUTH\8810047892
Системный номер авторитетной/нормативной записи 595819
790 #1 - ИМЯ ЛИЦА - АЛЬТЕРНАТИВНАЯ ФОРМА
Код отношения Автор
Материалы, к которым относится поле rus
Графика поля Латинская
Начальный элемент ввода Iliadi
Часть имени, кроме начального элемента ввода I. Ch.
Даты 1946-
Расширение инициалов личного имени Il'ja Charlampovič
Идентификатор авторитетной/нормативной записи RU\NLR\auth\7772509
Системный номер авторитетной/нормативной записи 55437
790 #1 - ИМЯ ЛИЦА - АЛЬТЕРНАТИВНАЯ ФОРМА
Код отношения Автор
Материалы, к которым относится поле rus
Графика поля Латинская
Начальный элемент ввода Kovalenko
Часть имени, кроме начального элемента ввода A. N.
Расширение инициалов личного имени Aleksandra Nikolaevna
Идентификатор авторитетной/нормативной записи RU\NLR\auth\7772513
Системный номер авторитетной/нормативной записи 55441
801 #0 - ИСТОЧНИК ЗАПИСИ
Страна российская федерация
Организация NLR
Дата составления 20030819
Правила каталогизации PSBO
801 #1 - ИСТОЧНИК ЗАПИСИ
Страна российская федерация
Организация NLR
Дата составления 20030819
942 ## - ДОПОЛНИТЕЛЬНЫЕ ЭЛЕМЕНТЫ ЗАПИСИ (АБИС)
Тип экземпляра АБИС Книга
980 ## - КОЛЛЕКЦИЯ
Название коллекции Национальная библиография
Экземпляры
Тип экземпляра Дата поступления Источник поступления Библиотека постоянного хранения Библиотека текущего хранения Место хранения Шифр хранения Штрих-код Статус не для выдачи
Книга 29.08.2008 Обязательный экземпляр РНБ (Московский) РНБ (Московский) Русский книжный фонд: издания с 1957 года, 9этаж 2008-5/7298 2743049  
Книга 29.08.2008 Подсобные фонды РНБ РНБ (Садовая) РНБ (Садовая) Фонд международного книгообмена   2743050